书目信息 |
| 题名: |
电脑音乐完全DIY手册
|
|
| 作者: | 王江涛 , 高新丽 著 ;远望图书部 编 | |
| 分册: | ||
| 出版信息: | 北京 人民交通出版社 2005 |
|
| 页数: | 306页 | |
| 开本: | 26cm | |
| 丛书名: | ||
| 单 册: | ||
| 中图分类: | J614.8-39 | |
| 科图分类: | ||
| 主题词: | 计算机应用--音乐制作 | |
| 电子资源: | ||
| ISBN: | 7-114-05728-8 | |
| 000 | 01436nam0 2200361 450 | |
| 000 | 01399nam0 2200349 450 | |
| 000 | 01368nam0 2200349 450 | |
| 000 | 01314nam0 2200325 450 | |
| 000 | 01388nam0 2200313 450 | |
| 000 | 01351nam0 2200301 45 | |
| 005 | 20070123091350.20 | |
| 010 | @a7-114-05728-8@dCNY32.00 | |
| 100 | @a20060829d2005 ekmy0chiy0120 ea | |
| 101 | 0 | @achi |
| 102 | @aCN@b110000 | |
| 105 | @aag z 000yy | |
| 200 | 1 | @a电脑音乐完全DIY手册@ADian Nao Yin Yue Wan Quan DIY Shou Ce@e2005全新版@E2005 Quan Xin Ban@f王江涛, 高新丽著@FWang Jiang Tao , Gao Xin Li Zhu@g远望图书部编 |
| 210 | @a北京@c人民交通出版社@d2005 | |
| 215 | @a306页@c图, 乐谱@d26cm@e光盘1片@e乐谱册1册 (32页) | |
| 307 | @a光盘ISBN: 7-900174-74-5, | |
| 312 | @a乐谱册题名: 乐谱集/MIDI制作宝典 | |
| 330 | @a本书以教程的方式,全面介绍数码音乐DIY过程中可能涉及的内容。配套光盘中收录了有关音乐素材、电子文档、软件等。 | |
| 517 | 1 | @a乐谱集/MIDI制作宝典@AYue Pu Ji /MIDI Zhi Zuo Bao Dian |
| 606 | 0 | @a计算机应用@y音乐制作 |
| 690 | @aJ614.8-39@v4 | |
| 701 | 0 | @a王江涛@AWang Jiang Tao@4著 |
| 701 | 0 | @a高新丽@AGao Xin Li@4著 |
| 712 | 02 | @a远望图书部@AYuan Wang Tu Shu Bu@4编 |
| 801 | 0 | @aCN@b中图数据@c20070123 |
| 905 | @a10447@dJ614.8-39@e416 | |
| 电脑音乐完全DIY手册:2005全新版/王江涛, 高新丽著/远望图书部编.-北京:人民交通出版社,2005 |
| 306页:图, 乐谱;26cm+光盘1片+乐谱册1册 (32页) |
| ISBN 7-114-05728-8:CNY32.00 |
| 本书以教程的方式,全面介绍数码音乐DIY过程中可能涉及的内容。配套光盘中收录了有关音乐素材、电子文档、软件等。 |
| ● |
| 相关链接 |
|
|
|
|
正题名:电脑音乐完全DIY手册
索取号:J614.8-39/416
 
预约/预借
| 序号 | 登录号 | 条形码 | 馆藏地/架位号 | 状态 | 备注 |
| 1 | 0619283 | 206192831 | 第一样本阅览室/ [索取号:J614.8-39/416] | 在馆 | |
| 2 | 0619284 | 206192840 | 第一借阅区/ [索取号:J614.8-39/416] | 在馆 | |
| 3 | 0619285 | 206192859 | 第一借阅区/ [索取号:J614.8-39/416] | 在馆 | |
| 4 | 0619286 | 206192868 | 第一借阅区/ [索取号:J614.8-39/416] | 在馆 | |
| 5 | 0619287 | 206192877 | 第一借阅区/ [索取号:J614.8-39/416] | 在馆 |